Guía del Archivo de Límites y Ríos México-Guatemala, 1855-1986 / (Record no. 62781)

MARC details
000 -LEADER
fixed length control field 00992cam a2200229 4500
008 - FIXED-LENGTH DATA ELEMENTS--GENERAL INFORMATION
fixed length control field 090309s1993 mx r u000 0 spa d
020 ## - INTERNATIONAL STANDARD BOOK NUMBER
International Standard Book Number 9688104639
050 04 - LIBRARY OF CONGRESS CALL NUMBER
Classification number F1249
Item number G53 1993
245 00 - TITLE STATEMENT
Title Guía del Archivo de Límites y Ríos México-Guatemala, 1855-1986 /
Statement of responsibility, etc coord. Guadalupe Rodríguez de Ita ; María del Consuelo Rodríguez Muñoz, Gabriela Ugalde García.
250 ## - EDITION STATEMENT
Edition statement 1a ed.
260 ## - PUBLICATION, DISTRIBUTION, ETC. (IMPRINT)
Place of publication, distribution, etc México :
Name of publisher, distributor, etc Secretaría de Relaciones Exteriores :
-- Instituto Mora,
Date of publication, distribution, etc 1993
300 ## - PHYSICAL DESCRIPTION
Extent 127 p. ;
Dimensions 22 cm.
490 #0 - SERIES STATEMENT
Series statement Archivo Histórico Diplomático Mexicano
500 ## - GENERAL NOTE
General note 2 ejemplares
651 #7 - SUBJECT ADDED ENTRY--GEOGRAPHIC NAME
Geographic name México
General subdivision Límites
Geographic subdivision Guatemala
General subdivision Fuentes
Form subdivision Bibliografía
-- Catálogos
Source of heading or term Lemb
651 #7 - SUBJECT ADDED ENTRY--GEOGRAPHIC NAME
Geographic name Guatemala
General subdivision Límites
Geographic subdivision México
General subdivision Fuentes
Form subdivision Bibliografía
-- Catálogos
Source of heading or term Lemb
700 1# - ADDED ENTRY--PERSONAL NAME
Personal name Rodríguez de Ita, Guadalupe, coord.
700 1# - ADDED ENTRY--PERSONAL NAME
Personal name Rodríguez Muñoz, María del Consuelo, comp.
700 1# - ADDED ENTRY--PERSONAL NAME
Personal name Ugalde García, Gabriela, comp.
942 ## - ADDED ENTRY ELEMENTS (KOHA)
Source of classification or shelving scheme Biblioteca del Cogreso de los Estados Unidos
Koha item type Libro
Holdings
Estado de pérdida Fuente de clasificación Estado del daño No para préstamo Ubicación permanente Ubicación actual Apartado o colección Fecha de adquisición Edición Dependencia de educación superior (DES) Área del conocimiento Clasificación Código de Barras Date last seen Número de copia Tipo de recurso
  Biblioteca del Cogreso de los Estados Unidos     Biblioteca del Instituto de Investigaciones Históricas Biblioteca del Instituto de Investigaciones Históricas General 23/04/2018 1a ed. Humanidades Ciencias Sociales y Administrativas F1249 G53 1993 IIH000003319 23/04/2018 C:1 Libro